MARC

LEADER 00000nam0a2200000 4500
001 369822
005 20231102012224.0
035 |a (RuTPU)RU\TPU\retro\27229 
090 |a 369822 
100 |a 20220606d1980 km y0rusy50 ca 
101 0 |a rus 
102 |a RU 
105 |a a z 001zy 
200 1 |a Практическая аэродинамика вертолетов  |f В. Ф. Ромасевич, Г. А. Самойлов 
210 |a Москва  |c Воениздат  |d 1980 
215 |a 384 с.  |c ил. 
320 |a Библиогр.: с. 381 
606 1 |a Вертолеты  |x Аэродинамика  |2 stltpush  |3 (RuTPU)RU\TPU\subj\2284  |9 30867 
610 1 |a аэродинамические характеристики 
610 1 |a фюзеляж 
610 1 |a крыло 
610 1 |a стабилизаторы 
610 1 |a рулевые механизмы 
610 1 |a силовые установки 
610 1 |a устойчивость 
610 1 |a управляемость 
610 1 |a режимы полета 
610 1 |a монетаризация 
610 1 |a пилотаж 
675 |a 629.735.4  |v 4 
700 1 |a Ромасевич  |b В. Ф.  |g Вячеслав Федорович 
701 1 |a Самойлов  |b Г. А.  |g Герман Алексеевич 
801 1 |a RU  |b 63413507  |c 20220606 
942 |c BK